| 000 | 01077nam0a22002651 4500 | ||
|---|---|---|---|
| 001 | rc\2725373 | ||
| 005 | 20250805160813.4 | ||
| 035 | _a(NLR Aleph) 006852867 | ||
| 090 |
_a6765658 _c6765658 |
||
| 100 | _a20110915d1943 |||y0rusy50 ca | ||
| 101 | 0 | _arus | |
| 102 | _aRU | ||
| 105 | _ay z ||||| | ||
| 200 | 1 |
_aМатериалы по уголовному процессу _eДля слушателей Всесоюзного юридического заочного института _fПод ред. И. Т. Голякова _gВсес. ин-т юрид. наук НКЮ СССР и Всес. юрид. заоч. ин-т |
|
| 210 |
_aМосква _cЮридиздат _d1943 |
||
| 215 |
_a32 с., без тит. л. _d14 см. |
||
| 700 | 1 |
_aГродзинский _bМ. М. _f1887- _gМорис Маркович |
|
| 702 | 1 |
_aГоляков _bИ. Т. _4340 |
|
| 801 | 0 |
_aRU _bNLR _gpsbo |
|
| 801 | 1 |
_aRU _bELAR _2rusmarc |
|
| 852 |
_aNLR _jП80 Г-2/5 |
||
| 942 | _cBOOK | ||
| 945 | _aРоссийская национальная библиотека | ||
| 980 | _aNB | ||
| 980 | _aBV | ||